000 00272nam a22001097a 4500
008 170113b xxu||||| |||| 00| 0 eng d
020 _a9780323069779
041 _aeng
080 _25TH
_a618.2
245 _aLEADING AND MANAGING IN NURSING
_cYODER-WISE, P.S
942 _2udc
_cBK
999 _c2853
_d2853